[Event "Hampshire Open"]
[Site "Eastleigh"]
[Date "2014.11.07"]
[Round "1"]
[White "Brown, Rowan M"]
[Black "Davies, Peter"]
[Result "1-0"]
[WhiteElo "2352"]
[BlackElo "2024"]
[PlyCount "79"]
[EventDate "2014.11.07"]
[EventType "swiss"]
[EventRounds "6"]
[EventCountry "ENG"]
[SourceTitle "BritBase"]
[Source "John Saunders"]
[SourceDate "2015.01.01"]
[SourceVersion "1"]
[SourceVersionDate "2015.01.01"]
[SourceQuality "1"]

1. e4 e5 2. d4 exd4 3. Nf3 Nc6 4. Nxd4 Nf6 5. Nxc6 bxc6 6. e5 Qe7 7. Qe2 Nd5 8. c4 Ba6 9. b3 g6 10. g3 Bg7 11. Bb2 Nb6 12. Bg2 O-O 13. O-O Rfe8 14. Re1 Bb7 15. Nd2 d5 16. Rac1 Rad8 17. c5 Nd7 18. f4 Nf8 19. Nf3 Rb8 20. g4 Bc8 21. Nd4 Bd7 22. Qf2 Qd8 23. Qg3 Ne6 24. Bh3 Rb4 25. Nxe6 Bxe6 26. f5 Bd7 27. Bc3 Re4 28. Rxe4 dxe4 29. Rd1 Qc8 30. Qf4 Bf8 31. Bd4 Qa6 32. Rf1 Qd3 33. Ba1 Bxc5+ 34. Kh1 Qe3 35. fxg6 Qxf4 36. gxh7+ Kxh7 37. Rxf4 e3 38. Rxf7+ Kg6 39. Rxd7 e2 40. Bc3 1-0

[Event "Hampshire Open"]
[Site "Eastleigh"]
[Date "2014.11.07"]
[Round "1"]
[White "Fowler, David"]
[Black "Tunks, Dominic R"]
[Result "0-1"]
[WhiteElo "1984"]
[BlackElo "2176"]
[PlyCount "54"]
[EventDate "2014.11.07"]
[EventType "swiss"]
[EventRounds "6"]
[EventCountry "ENG"]
[SourceTitle "BritBase"]
[Source "John Saunders"]
[SourceDate "2015.01.01"]
[SourceVersion "1"]
[SourceVersionDate "2015.01.01"]
[SourceQuality "1"]

1. d4 Nf6 2. c4 e6 3. Nc3 Bb4 4. e3 O-O 5. Nge2 Re8 6. a3 Bf8 7. Ng3 d6 8. Bd3 c5 9. O-O Nc6 10. Bc2 g6 11. b3 Bg7 12. Bb2 cxd4 13. exd4 d5 14. Nce2 b6 15. Rc1 Bb7 16. Nf4 Rc8 17. cxd5 Nxd5 18. Nxd5 exd5 19. Qd3 Qh4 20. f4 Rc7 21. Ne2 Rce7 22. Bd1 Re3 23. Qd2 Qe7 24. Ng3 Na5 25. Rc3 Ba6 26. Rf3 Rxf3 27. Bxf3 Bxd4+ 0-1

[Event "Hampshire Open"]
[Site "Eastleigh"]
[Date "2014.11.07"]
[Round "1"]
[White "Gill, Oliver"]
[Black "MacReamoinn, Brian"]
[Result "1-0"]
[WhiteElo "2152"]
[BlackElo "1896"]
[PlyCount "57"]
[EventDate "2014.11.07"]
[EventType "swiss"]
[EventRounds "6"]
[EventCountry "ENG"]
[SourceTitle "BritBase"]
[Source "John Saunders"]
[SourceDate "2015.01.01"]
[SourceVersion "1"]
[SourceVersionDate "2015.01.01"]
[SourceQuality "1"]

1. e4 c5 2. b3 Nc6 3. Bb2 d6 4. Nc3 g6 5. Nd5 Nd4 6. Ne2 Bg7 7. Nxd4 cxd4 8. c3 Nh6 9. Bb5+ Bd7 10. Bxd7+ Kxd7 11. cxd4 e6 12. Ne3 Rc8 13. O-O Qb6 14. Nc4 Rxc4 15. bxc4 Qxb2 16. Rb1 Qxa2 17. Rxb7+ Kc6 18. Rb4 Bxd4 19. Ra4 Qb2 20. Qf3 Kd7 21. e5 f5 22. exd6 Nf7 23. Ra6 Ne5 24. Qf4 h6 25. Ra5 Nd3 26. Qf3 Nxf2 27. Rb5 Nh3+ 28. Kh1 Nf2+ 29. Rxf2 1-0

[Event "Hampshire Open"]
[Site "Eastleigh"]
[Date "2014.11.07"]
[Round "1"]
[White "Smith, Stephen J"]
[Black "Pafura, Godfrey"]
[Result "0-1"]
[WhiteElo "1880"]
[BlackElo "2128"]
[PlyCount "78"]
[EventDate "2014.11.07"]
[EventType "swiss"]
[EventRounds "6"]
[EventCountry "ENG"]
[SourceTitle "BritBase"]
[Source "John Saunders"]
[SourceDate "2015.01.01"]
[SourceVersion "1"]
[SourceVersionDate "2015.01.01"]
[SourceQuality "1"]

1. d4 Nf6 2. c4 g6 3. Nc3 Bg7 4. Nf3 O-O 5. Bf4 d6 6. e3 Nbd7 7. Be2 c6 8. O-O h6 9. h3 Re8 10. Qc2 Nf8 11. Rfd1 Bd7 12. Rac1 Qc8 13. Bf1 Nh5 14. Bh2 f5 15. d5 c5 16. Ne2 g5 17. Ng3 Nxg3 18. Bxg3 Ng6 19. Bd3 Rf8 20. Qe2 Qe8 21. Re1 a6 22. b3 b5 23. e4 f4 24. Bh2 Ne5 25. Nxe5 Bxe5 26. f3 b4 27. Kf1 a5 28. Bg1 Qg6 29. Rc2 Rf7 30. Rec1 Raf8 31. Qd1 h5 32. Be2 g4 33. hxg4 hxg4 34. fxg4 f3 35. Bxf3 Bxg4 36. Qe2 Rxf3+ 37. gxf3 Bh3+ 38. Ke1 Qxg1+ 39. Kd2 Bf4+ 0-1

[Event "Hampshire Open"]
[Site "Eastleigh"]
[Date "2014.11.07"]
[Round "1"]
[White "Pye, David E"]
[Black "Willett, Greg Murray"]
[Result "1-0"]
[WhiteElo "2072"]
[BlackElo "1720"]
[PlyCount "46"]
[EventDate "2014.11.07"]
[EventType "swiss"]
[EventRounds "6"]
[EventCountry "ENG"]
[SourceTitle "BritBase"]
[Source "John Saunders"]
[SourceDate "2015.01.01"]
[SourceVersion "1"]
[SourceVersionDate "2015.01.01"]
[SourceQuality "1"]

1. e4 g6 2. d4 Bg7 3. Nc3 d6 4. Bg5 a6 5. Bc4 b5 6. Bb3 h6 7. Be3 Nf6 8. f3 O-O 9. Qd2 Kh7 10. Nge2 Bd7 11. O-O a5 12. a4 b4 13. Nd1 Na6 14. c4 c6 15. Nf2 e5 16. dxe5 dxe5 17. Rfd1 Qe7 18. Qd6 Qe6 19. Rd3 Rfd8 20. Bb6 Rdc8 21. c5 Qe8 22. Rdd1 Ng8 23. Qxd7 Qf8 1-0

[Event "Hampshire Open"]
[Site "Eastleigh"]
[Date "2014.11.08"]
[Round "2"]
[White "Pafura, Godfrey"]
[Black "Brown, Rowan M"]
[Result "1-0"]
[WhiteElo "2128"]
[BlackElo "2352"]
[PlyCount "87"]
[EventDate "2014.11.07"]
[EventType "swiss"]
[EventRounds "6"]
[EventCountry "ENG"]
[SourceTitle "BritBase"]
[Source "John Saunders"]
[SourceDate "2015.01.01"]
[SourceVersion "1"]
[SourceVersionDate "2015.01.01"]
[SourceQuality "1"]

1. d4 Nf6 2. c4 c5 3. Nf3 g6 4. Nc3 Bg7 5. e4 Qa5 6. Bd2 cxd4 7. Nxd4 Nc6 8. Ndb5 O-O 9. Be2 a6 10. Na3 d6 11. O-O e6 12. Kh1 Qc7 13. Be3 Rd8 14. Qd2 Ne5 15. f3 Bd7 16. Rfd1 Bc6 17. Rac1 Qa5 18. Nc2 b5 19. b4 Qc7 20. cxb5 Bxb5 21. Nxb5 axb5 22. Nd4 Qb8 23. Nxb5 d5 24. Bf4 Nh5 25. Bg5 Rd7 26. Qc2 h6 27. Be3 Nf6 28. a4 dxe4 29. fxe4 Kh7 30. Bf4 Rxd1+ 31. Rxd1 Ne8 32. a5 Qb7 33. Qb1 Rc8 34. Nd4 Nc4 35. e5 Bxe5 36. a6 Qb6 37. Bxe5 Nxe5 38. b5 Nc4 39. Bxc4 Rxc4 40. Nc6 Nc7 41. a7 Rc5 42. Rf1 Rxb5 43. Rxf7+ Kh8 44. Qa1+ 1-0

[Event "Hampshire Open"]
[Site "Eastleigh"]
[Date "2014.11.08"]
[Round "2"]
[White "Tunks, Dominic R"]
[Black "Gill, Oliver"]
[Result "1-0"]
[WhiteElo "2176"]
[BlackElo "2152"]
[PlyCount "111"]
[EventDate "2014.11.07"]
[EventType "swiss"]
[EventRounds "6"]
[EventCountry "ENG"]
[SourceTitle "BritBase"]
[Source "John Saunders"]
[SourceDate "2015.01.01"]
[SourceVersion "1"]
[SourceVersionDate "2015.01.01"]
[SourceQuality "1"]

1. Nf3 d5 2. e3 Nc6 3. b3 e5 4. Bb5 Bd6 5. Bb2 f6 6. c4 a6 7. Bxc6+ bxc6 8. d3 Nh6 9. Nc3 Be6 10. e4 Bb4 11. O-O Bxc3 12. Bxc3 Qd6 13. Qe2 d4 14. Bd2 Nf7 15. Nh4 g5 16. Nf5 Bxf5 17. exf5 Qd7 18. f4 gxf4 19. Rxf4 O-O-O 20. Rh4 Nd6 21. Rf1 Nxf5 22. Rh5 Ng7 23. Rh6 Ne8 24. Qe4 Nd6 25. Qe2 Ne8 26. Be1 Qg7 27. Qh5 Qg5 28. Qxg5 fxg5 29. Re6 Nd6 30. Rxe5 h6 31. Bg3 Rhe8 32. Rfe1 Rxe5 33. Rxe5 Re8 34. Rxe8+ Nxe8 35. Be5 c5 36. Kf2 Kd7 37. a3 Ke6 38. Bh8 Nd6 39. b4 cxb4 40. axb4 Nf5 41. g4 Ne3 42. Kf3 Nc2 43. Ke4 Nxb4 44. Bxd4 a5 45. Bc5 Nc2 46. d4 a4 47. d5+ Kf7 48. Kd3 Ne1+ 49. Kc3 Nf3 50. h3 Ne5 51. Bd4 Ng6 52. Kb4 Nf4 53. Kxa4 Nxh3 54. Kb5 Nf4 55. Kc6 Ne2 56. Be3 1-0

[Event "Hampshire Open"]
[Site "Eastleigh"]
[Date "2014.11.08"]
[Round "2"]
[White "Lock, Gavin R"]
[Black "Pye, David E"]
[Result "1/2-1/2"]
[WhiteElo "2232"]
[BlackElo "2072"]
[PlyCount "38"]
[EventDate "2014.11.07"]
[EventType "swiss"]
[EventRounds "6"]
[EventCountry "ENG"]
[SourceTitle "BritBase"]
[Source "John Saunders"]
[SourceDate "2015.01.01"]
[SourceVersion "1"]
[SourceVersionDate "2015.01.01"]
[SourceQuality "1"]

1. d4 Nf6 2. Nf3 e6 3. c4 Bb4+ 4. Nbd2 O-O 5. e3 d6 6. Bd3 Qe7 7. O-O e5 8. a3 Bxd2 9. Nxd2 e4 10. Be2 Bf5 11. b4 c6 12. a4 Re8 13. Bb2 a5 14. bxa5 Rxa5 15. Bc3 Ra7 16. a5 Nbd7 17. Ra4 Rea8 18. Qc2 Bg6 19. Rfa1 Qd8 1/2-1/2

[Event "Hampshire Open"]
[Site "Eastleigh"]
[Date "2014.11.08"]
[Round "2"]
[White "Davies, Peter"]
[Black "Grieve, Harry"]
[Result "1/2-1/2"]
[WhiteElo "2024"]
[BlackElo "1992"]
[PlyCount "136"]
[EventDate "2014.11.07"]
[EventType "swiss"]
[EventRounds "6"]
[EventCountry "ENG"]
[SourceTitle "BritBase"]
[Source "John Saunders"]
[SourceDate "2015.01.01"]
[SourceVersion "1"]
[SourceVersionDate "2015.01.01"]
[SourceQuality "1"]

1. e4 c5 2. c3 e6 3. d4 d5 4. exd5 exd5 5. Nf3 Nc6 6. Bb5 Bg4 7. O-O Nf6 8. Qa4 Qc7 9. Ne5 Bd7 10. Re1 Nxe5 11. dxe5 Ng8 12. e6 Bxb5 13. Qxb5+ Qc6 14. exf7+ Kxf7 15. Qxc6 bxc6 16. Bf4 Rd8 17. Nd2 Bd6 18. Bxd6 Rxd6 19. Rad1 Re6 20. Nf3 Rxe1+ 21. Rxe1 Ne7 22. Ne5+ Kf6 23. Nd7+ Kf7 24. Ne5+ Kf6 25. Nd7+ Kf7 26. Nxc5 Rb8 27. b3 Rb5 28. Ne6 Nf5 29. Nd4 Nxd4 30. cxd4 Rb4 31. Rd1 a5 32. f3 a4 33. Rd3 axb3 34. axb3 Ke6 35. Kf2 Kd6 36. Ke3 c5 37. dxc5+ Kxc5 38. f4 g5 39. fxg5 Rg4 40. g3 Rxg5 41. Kf4 Rg7 42. g4 d4 43. Rh3 Rd7 44. Ke4 Re7+ 45. Kd3 Rd7 46. Rf3 Kb4 47. Rf4 Kxb3 48. Rxd4 Rf7 49. Ke3 Kc3 50. Rd5 Kc4 51. Rf5 Re7+ 52. Kf4 Kd4 53. h4 Rg7 54. g5 Re7 55. Rf6 Re4+ 56. Kg3 Re7 57. h5 Ke5 58. Rf3 Rd7 59. Kh3 Rd1 60. Kg4 Rd4+ 61. Kg3 Rd1 62. Kh4 Rd4+ 63. Kh3 Rd1 64. Rg3 Kf5 65. g6 hxg6 66. hxg6 Rh1+ 67. Kg2 Rh8 68. Kf3 Rg8 1/2-1/2

[Event "Hampshire Open"]
[Site "Eastleigh"]
[Date "2014.11.08"]
[Round "2"]
[White "Willett, Greg Murray"]
[Black "Fowler, David"]
[Result "1-0"]
[WhiteElo "1720"]
[BlackElo "1984"]
[PlyCount "95"]
[EventDate "2014.11.07"]
[EventType "swiss"]
[EventRounds "6"]
[EventCountry "ENG"]
[SourceTitle "BritBase"]
[Source "John Saunders"]
[SourceDate "2015.01.01"]
[SourceVersion "1"]
[SourceVersionDate "2015.01.01"]
[SourceQuality "1"]

1. c4 e6 2. g3 d5 3. Bg2 c6 4. Nf3 Nf6 5. O-O Be7 6. b3 Nbd7 7. Bb2 O-O 8. d3 b6 9. Nbd2 Bb7 10. Qc2 Rc8 11. Rad1 c5 12. e3 Qc7 13. e4 d4 14. b4 e5 15. b5 Nh5 16. Ra1 g6 17. Nb3 f5 18. exf5 Rxf5 19. Qe2 Rcf8 20. Nfd2 Bxg2 21. Kxg2 Qb7+ 22. f3 Ndf6 23. Ne4 Nxe4 24. dxe4 Rg5 25. Kf2 Qd7 26. Ke1 Qh3 27. Rf2 Nxg3 28. hxg3 Rxg3 29. Rh2 Rg1+ 30. Kd2 Bg5+ 31. Kc2 d3+ 32. Kxd3 Qxf3+ 33. Qxf3 Rxf3+ 34. Kc2 Rxa1 35. Bxa1 Bf4 36. Re2 Rf1 37. Bc3 h5 38. Nd2 Rg1 39. Nf3 Rc1+ 40. Kb2 g5 41. Bxe5 Rxc4 42. Bxf4 Rb4+ 43. Kc3 gxf4 44. e5 Kf7 45. e6+ Ke7 46. Nh4 f3 47. Nxf3 Rf4 48. Ne5 1-0

[Event "Hampshire Open"]
[Site "Eastleigh"]
[Date "2014.11.08"]
[Round "2"]
[White "MacReamoinn, Brian"]
[Black "Smith, Stephen J"]
[Result "0-1"]
[WhiteElo "1896"]
[BlackElo "1880"]
[PlyCount "57"]
[EventDate "2014.11.07"]
[EventType "swiss"]
[EventRounds "6"]
[EventCountry "ENG"]
[SourceTitle "BritBase"]
[Source "John Saunders"]
[SourceDate "2015.01.01"]
[SourceVersion "1"]
[SourceVersionDate "2015.01.01"]
[SourceQuality "1"]

1. d4 Nf6 2. c4 g6 3. Nc3 d5 4. Bg5 c6 5. Nf3 Bg7 6. Qc1 Ne4 7. Bh6 O-O 8. h4 Nxc3 9. bxc3 Qa5 10. Bxg7 Kxg7 11. h5 Kg8 12. hxg6 fxg6 13. Ng5 h5 14. e4 dxe4 15. c5 Bf5 16. Bc4+ Kg7 17. Qe3 Nd7 18. Rc1 Nf6 19. f3 Nd5 20. Bxd5 cxd5 21. fxe4 dxe4 22. g4 Bxg4 23. Qxe4 Qxa2 24. Qe3 Rae8 25. c4 Qa5+ 26. Rc3 Qc7 27. Rf1 Rxf1+ 28. Kxf1 e5 29. d5 0-1

[Event "Hampshire Open"]
[Site "Eastleigh"]
[Date "2014.11.08"]
[Round "3"]
[White "Pafura, Godfrey"]
[Black "Tunks, Dominic R"]
[Result "1-0"]
[WhiteElo "2128"]
[BlackElo "2176"]
[PlyCount "35"]
[EventDate "2014.11.07"]
[EventType "swiss"]
[EventRounds "6"]
[EventCountry "ENG"]
[SourceTitle "BritBase"]
[Source "John Saunders"]
[SourceDate "2015.01.01"]
[SourceVersion "1"]
[SourceVersionDate "2015.01.01"]
[SourceQuality "1"]

1. d4 Nf6 2. c4 e6 3. Nf3 b6 4. Nc3 Bb7 5. e3 Bb4 6. Bd3 c5 7. O-O cxd4 8. exd4 Bxc3 9. bxc3 Qc7 10. Re1 Nc6 11. d5 Na5 12. Nd4 Ba6 13. Ba3 O-O-O 14. c5 Bxd3 15. Qxd3 bxc5 16. Qa6+ Qb7 17. Qxa5 cxd4 18. Rab1 1-0

[Event "Hampshire Open"]
[Site "Eastleigh"]
[Date "2014.11.08"]
[Round "3"]
[White "Pye, David E"]
[Black "Corkett, Anthony R"]
[Result "0-1"]
[WhiteElo "2072"]
[BlackElo "2224"]
[PlyCount "110"]
[EventDate "2014.11.07"]
[EventType "swiss"]
[EventRounds "6"]
[EventCountry "ENG"]
[SourceTitle "BritBase"]
[Source "John Saunders"]
[SourceDate "2015.01.01"]
[SourceVersion "1"]
[SourceVersionDate "2015.01.01"]
[SourceQuality "1"]

1. e4 c5 2. Nc3 Nc6 3. Bb5 a6 4. Bxc6 dxc6 5. d3 e5 6. Nge2 Bd6 7. O-O Be6 8. b3 Ne7 9. Bb2 Qc7 10. a4 a5 11. Qd2 Ng6 12. Nd1 f6 13. f3 Rd8 14. Kh1 b6 15. Ne3 Qf7 16. Qe1 Bc7 17. Rd1 O-O 18. Bc1 Rd7 19. Nc4 Rfd8 20. Be3 Nf4 21. Nxf4 exf4 22. Bd2 Qh5 23. Ra1 Bf7 24. Bc3 Re8 25. Qf2 Qg5 26. Rfe1 h5 27. Bd2 Qh6 28. Re2 g5 29. Rf1 Kh7 30. Ree1 Qf8 31. Ra1 Qe7 32. Bc3 Qd8 33. Nd2 Kg6 34. Rae1 Qb8 35. Rg1 h4 36. h3 Be5 37. Nb1 Bd4 38. Bxd4 Rxd4 39. Qd2 Red8 40. Qc3 Be6 41. Nd2 Qe5 42. Qa1 Ra8 43. Nc4 Qc7 44. Qb1 b5 45. c3 Rdd8 46. Na3 Qd7 47. axb5 cxb5 48. Kh2 b4 49. Nc4 Qxd3 50. cxb4 axb4 51. Qxd3 Rxd3 52. Nb6 Ra2 53. Na4 Rxf3 54. Kh1 Rg3 55. Nxc5 Bxh3 0-1

[Event "Hampshire Open"]
[Site "Eastleigh"]
[Date "2014.11.08"]
[Round "3"]
[White "Brown, Rowan M"]
[Black "Smith, Stephen J"]
[Result "1-0"]
[WhiteElo "2352"]
[BlackElo "1880"]
[PlyCount "78"]
[EventDate "2014.11.07"]
[EventType "swiss"]
[EventRounds "6"]
[EventCountry "ENG"]
[SourceTitle "BritBase"]
[Source "John Saunders"]
[SourceDate "2015.01.01"]
[SourceVersion "1"]
[SourceVersionDate "2015.01.01"]
[SourceQuality "1"]

1. e4 c5 2. Nc3 Nc6 3. Bb5 a6 4. Bxc6 bxc6 5. d3 g6 6. f4 d6 7. Nf3 Bg7 8. O-O Nf6 9. Qe1 O-O 10. Qh4 h5 11. f5 Nh7 12. Bd2 e5 13. fxg6 fxg6 14. Qg3 Bg4 15. Nh4 Rxf1+ 16. Rxf1 g5 17. Nf5 Bxf5 18. Rxf5 h4 19. Qg4 Bf6 20. g3 hxg3 21. hxg3 Ra7 22. Nd1 Rg7 23. Ne3 Qe7 24. Rf2 Qc7 25. Qe6+ Kh8 26. Rxf6 Nxf6 27. Qxf6 Qe7 28. Qxe7 Rxe7 29. Nf5 Re6 30. Bxg5 d5 31. Kf2 dxe4 32. dxe4 c4 33. Ke2 Rg6 34. Bd2 Kh7 35. Bc3 Re6 36. Ne3 Kg6 37. Nxc4 Kf6 38. Nxe5 Rxe5 39. Bxe5+ Kxe5 1-0

[Event "Hampshire Open"]
[Site "Eastleigh"]
[Date "2014.11.08"]
[Round "3"]
[White "Grieve, Harry"]
[Black "Lock, Gavin R"]
[Result "1/2-1/2"]
[WhiteElo "1992"]
[BlackElo "2232"]
[PlyCount "84"]
[EventDate "2014.11.07"]
[EventType "swiss"]
[EventRounds "6"]
[EventCountry "ENG"]
[SourceTitle "BritBase"]
[Source "John Saunders"]
[SourceDate "2015.01.01"]
[SourceVersion "1"]
[SourceVersionDate "2015.01.01"]
[SourceQuality "1"]

1. e4 e6 2. d4 d5 3. exd5 exd5 4. Nf3 Nc6 5. c4 Bb4+ 6. Nc3 Nge7 7. Bd3 O-O 8. O-O dxc4 9. Bxc4 Bg4 10. Bd3 h6 11. Be3 Nd5 12. Rc1 a6 13. Be4 Be6 14. Qc2 Re8 15. Rfd1 Bf8 16. a3 Rc8 17. b4 Nxc3 18. Qxc3 Bd5 19. Bxd5 Qxd5 20. Qc4 Rcd8 21. Kf1 Qxc4+ 22. Rxc4 Rd5 23. Bf4 Bd6 24. Bxd6 Rxd6 25. Rc2 Kf8 26. Re2 Red8 27. Red2 Rd5 28. Ke2 R8d6 29. h3 g5 30. Rd3 a5 31. bxa5 Nxa5 32. Rc1 c6 33. Rc5 b6 34. Rxd5 Rxd5 35. Nd2 f5 36. g4 Kf7 37. Ke3 Kf6 38. Rc3 Rd8 39. Nb3 Nxb3 40. Rxb3 b5 41. Rc3 Rd6 42. Rc5 f4+ 1/2-1/2

[Event "Hampshire Open"]
[Site "Eastleigh"]
[Date "2014.11.08"]
[Round "3"]
[White "Gill, Oliver"]
[Black "Willett, Greg Murray"]
[Result "1-0"]
[WhiteElo "2152"]
[BlackElo "1720"]
[PlyCount "77"]
[EventDate "2014.11.07"]
[EventType "swiss"]
[EventRounds "6"]
[EventCountry "ENG"]
[SourceTitle "BritBase"]
[Source "John Saunders"]
[SourceDate "2015.01.01"]
[SourceVersion "1"]
[SourceVersionDate "2015.01.01"]
[SourceQuality "1"]

1. e4 g6 2. d4 Bg7 3. Nc3 d6 4. Be3 a6 5. Qd2 b5 6. O-O-O Nd7 7. h4 e5 8. h5 Nf8 9. dxe5 Bxe5 10. f4 Bg7 11. e5 gxh5 12. Be2 Bg4 13. Bf3 Rc8 14. Qe2 Nh6 15. exd6 Nd7 16. Bxg4 Nxg4 17. Bc5+ Nge5 18. dxc7 Qxc7 19. Bd6 Qa5 20. Bxe5 Nxe5 21. fxe5 Rxc3 22. bxc3 Qxc3 23. Qd3 Bh6+ 24. Kb1 Qb4+ 25. Qb3 Qg4 26. Nf3 O-O 27. Rh4 Qc8 28. Rxh5 Bg7 29. e6 Qc7 30. exf7+ Kh8 31. Ng5 h6 32. Ne6 Qxf7 33. Nxg7 Qxg7 34. Qe3 Kh7 35. Rdh1 Rf6 36. g4 Rg6 37. g5 Rc6 38. Rxh6+ Kg8 39. Qe8+ 1-0

[Event "Hampshire Open"]
[Site "Eastleigh"]
[Date "2014.11.08"]
[Round "3"]
[White "Fowler, David"]
[Black "Davies, Peter"]
[Result "1-0"]
[WhiteElo "1984"]
[BlackElo "2024"]
[PlyCount "135"]
[EventDate "2014.11.07"]
[EventType "swiss"]
[EventRounds "6"]
[EventCountry "ENG"]
[SourceTitle "BritBase"]
[Source "John Saunders"]
[SourceDate "2015.01.01"]
[SourceVersion "1"]
[SourceVersionDate "2015.01.01"]
[SourceQuality "1"]

1. d4 Nf6 2. c4 e6 3. Nc3 Bb4 4. e3 d5 5. cxd5 exd5 6. Bd3 O-O 7. Nge2 Re8 8. O-O c5 9. a3 cxd4 10. axb4 dxc3 11. bxc3 Nc6 12. Nd4 Nxd4 13. cxd4 Qb6 14. Bd2 Bd7 15. Ra5 a6 16. Qa1 Rad8 17. Rc1 Qd6 18. f3 Bc6 19. b5 axb5 20. Bxb5 Bxb5 21. Rxb5 b6 22. Qb2 Rb8 23. Qb3 h6 24. Rb1 Rec8 25. Be1 Qc6 26. Bg3 Rb7 27. Be5 Qc3 28. Bxf6 gxf6 29. Qxc3 Rxc3 30. Kf2 Rc2+ 31. Kg3 Re2 32. Rxb6 Ra7 33. R1b2 Rxe3 34. Rxf6 Kg7 35. Rf5 Rd7 36. Rb5 Rd3 37. Rf4 Rd2 38. Rg4+ Kh7 39. Rb6 f5 40. Rh4 Rg7+ 41. Kh3 Rgxg2 42. Rbxh6+ Kg7 43. Rh7+ Kg8 44. Rh8+ Kg7 45. R4h7+ Kg6 46. Rg8+ Kxh7 47. Rxg2 Rxd4 48. Rg5 Rd1 49. Rxf5 d4 50. Kg3 d3 51. Rd5 d2 52. Kf4 Kg6 53. h4 Rh1 54. Rxd2 Rxh4+ 55. Ke5 Ra4 56. Rd6+ Kf7 57. Rb6 Ra5+ 58. Kf4 Ra4+ 59. Kg5 Ra5+ 60. Kg4 Ra4+ 61. f4 Rc4 62. Kg5 Ra4 63. f5 Ra5 64. Rb7+ Kf8 65. Kg6 Ra8 66. f6 Kg8 67. Rg7+ Kf8 68. Rh7 1-0

[Event "Hampshire Open"]
[Site "Eastleigh"]
[Date "2014.11.08"]
[Round "4"]
[White "Corkett, Anthony R"]
[Black "Gill, Oliver"]
[Result "1-0"]
[WhiteElo "2224"]
[BlackElo "2152"]
[PlyCount "55"]
[EventDate "2014.11.07"]
[EventType "swiss"]
[EventRounds "6"]
[EventCountry "ENG"]
[SourceTitle "BritBase"]
[Source "John Saunders"]
[SourceDate "2015.01.01"]
[SourceVersion "1"]
[SourceVersionDate "2015.01.01"]
[SourceQuality "1"]

1. Nf3 d5 2. g3 Nc6 3. Bg2 e5 4. d3 f5 5. O-O e4 6. Nfd2 Nf6 7. c4 Be6 8. cxd5 Bxd5 9. dxe4 fxe4 10. Nc3 e3 11. Nxd5 Nxd5 12. Nb3 exf2+ 13. Rxf2 Ndb4 14. Bd2 a5 15. a3 a4 16. axb4 axb3 17. Rxa8 Qxa8 18. Qxb3 Nd8 19. Bd5 Qa6 20. Bg5 Be7 21. Bf7+ Kd7 22. Qd5+ Qd6 23. Qf5+ Kc6 24. b5+ Kb6 25. Be3+ c5 26. bxc6+ Kxc6 27. Bc4 Bf6 28. Qb5+ 1-0

[Event "Hampshire Open"]
[Site "Eastleigh"]
[Date "2014.11.08"]
[Round "4"]
[White "Tunks, Dominic R"]
[Black "Brown, Rowan M"]
[Result "0-1"]
[WhiteElo "2176"]
[BlackElo "2352"]
[PlyCount "78"]
[EventDate "2014.11.07"]
[EventType "swiss"]
[EventRounds "6"]
[EventCountry "ENG"]
[SourceTitle "BritBase"]
[Source "John Saunders"]
[SourceDate "2015.01.01"]
[SourceVersion "1"]
[SourceVersionDate "2015.01.01"]
[SourceQuality "1"]

1. e4 d6 2. d4 Nf6 3. f3 g6 4. Be3 Bg7 5. Qd2 O-O 6. Bd3 e5 7. Ne2 exd4 8. Nxd4 Re8 9. c4 d5 10. cxd5 Nxd5 11. Bg5 Qd6 12. Nb5 Qb6 13. N1c3 Nxc3 14. Nxc3 Be6 15. h4 Nc6 16. h5 Nb4 17. hxg6 Nxd3+ 18. Qxd3 Qxb2 19. gxh7+ Kh8 20. Rc1 Qxg2 21. Rh5 Qg3+ 22. Ke2 Qg2+ 23. Ke1 f6 24. Bf4 Rad8 25. Qe2 Qg1+ 26. Qf1 Qd4 27. Qf2 Qb4 28. Rb5 Qa3 29. Rxb7 Rd7 30. Qxa7 Qe7 31. Rxc7 f5 32. Rxd7 Bxd7 33. Nd5 Qh4+ 34. Qf2 Qh3 35. Rc7 fxe4 36. Kd2 exf3 37. Be3 Qf5 38. Nc3 Qa5 39. Rc5 Qb4 {(0-1, Time)} 0-1

[Event "Hampshire Open"]
[Site "Eastleigh"]
[Date "2014.11.08"]
[Round "4"]
[White "Lock, Gavin R"]
[Black "Fowler, David"]
[Result "1/2-1/2"]
[WhiteElo "2232"]
[BlackElo "1984"]
[PlyCount "55"]
[EventDate "2014.11.07"]
[EventType "swiss"]
[EventRounds "6"]
[EventCountry "ENG"]
[SourceTitle "BritBase"]
[Source "John Saunders"]
[SourceDate "2015.01.01"]
[SourceVersion "1"]
[SourceVersionDate "2015.01.01"]
[SourceQuality "1"]

1. d4 d5 2. Nf3 Nf6 3. c4 e6 4. Nc3 c6 5. Bg5 h6 6. Bxf6 Qxf6 7. Qb3 Nd7 8. e4 dxe4 9. Nxe4 Qf4 10. Bd3 Be7 11. O-O O-O 12. Rfe1 c5 13. d5 exd5 14. Nc3 dxc4 15. Bxc4 Nb6 16. Bxf7+ Rxf7 17. Rxe7 c4 18. Rxf7 Kxf7 19. Qb5 Bg4 20. Ne5+ Kg8 21. g3 Qd4 22. Nxg4 Qxg4 23. Re1 Rf8 24. Qc5 Qf3 25. Re7 Rf7 26. a4 Rxe7 27. Qxe7 Qc6 28. a5 1/2-1/2

[Event "Hampshire Open"]
[Site "Eastleigh"]
[Date "2014.11.08"]
[Round "4"]
[White "Willett, Greg Murray"]
[Black "Grieve, Harry"]
[Result "0-1"]
[WhiteElo "1720"]
[BlackElo "1992"]
[PlyCount "46"]
[EventDate "2014.11.07"]
[EventType "swiss"]
[EventRounds "6"]
[EventCountry "ENG"]
[SourceTitle "BritBase"]
[Source "John Saunders"]
[SourceDate "2015.01.01"]
[SourceVersion "1"]
[SourceVersionDate "2015.01.01"]
[SourceQuality "1"]

1. c4 Nf6 2. g3 g6 3. Bg2 Bg7 4. Nc3 O-O 5. e4 d6 6. Nge2 c5 7. h3 e5 8. O-O Nc6 9. d3 Be6 10. Rb1 Qd7 11. Kh2 Ne8 12. Be3 f5 13. f4 Nf6 14. a3 fxe4 15. dxe4 Bxc4 16. f5 Nd4 17. b3 Bxe2 18. Nxe2 gxf5 19. Bxd4 cxd4 20. exf5 Bh6 21. g4 Rac8 22. Qd3 Be3 23. Rf3 e4 0-1

[Event "Hampshire Open"]
[Site "Eastleigh"]
[Date "2014.11.09"]
[Round "5"]
[White "Corkett, Anthony R"]
[Black "Pafura, Godfrey"]
[Result "1-0"]
[WhiteElo "2224"]
[BlackElo "2128"]
[PlyCount "97"]
[EventDate "2014.11.07"]
[EventType "swiss"]
[EventRounds "6"]
[EventCountry "ENG"]
[SourceTitle "BritBase"]
[Source "John Saunders"]
[SourceDate "2015.01.01"]
[SourceVersion "1"]
[SourceVersionDate "2015.01.01"]
[SourceQuality "1"]

1. Nf3 Nf6 2. c4 g6 3. g3 Bg7 4. Bg2 O-O 5. Nc3 d6 6. O-O c6 7. Rb1 Bf5 8. d3 Qc8 9. Re1 e5 10. Qc2 Na6 11. b4 Nc7 12. a4 Ne6 13. Ba3 Re8 14. b5 c5 15. e3 g5 16. Ne4 Bxe4 17. dxe4 Bf8 18. Rbd1 Be7 19. Bb2 h6 20. Re2 Nf8 21. Red2 Ng6 22. h3 Kg7 23. Bc3 Qe6 24. Qd3 b6 25. Ra1 a6 26. Rda2 a5 27. Re1 Rh8 28. Ba1 Rab8 29. Nd2 g4 30. hxg4 Qxg4 31. Qe2 h5 32. Nf1 Qd7 33. f4 Rbg8 34. Rd1 Qc8 35. Rad2 Rh6 36. Rxd6 Bxd6 37. Rxd6 Ng4 38. Bh3 Nxf4 39. exf4 Rxd6 40. Bxe5+ Rf6 41. Ne3 Re8 42. Bxg4 hxg4 43. Nf5+ Kf8 44. Qh2 Qxf5 45. exf5 Rxe5 46. fxe5 Rxf5 47. Qh6+ Kg8 48. Qxb6 Rf3 49. Kg2 1-0